000
00298 a2200121 4500
245
_a
Traité de médecine : maladies des glandes endocrines
100
_a
Lemierre, A
700
_a
Lenormant, Ch.
260
_c
1948
300
_a
119 p.
999
_c
16730
_d
16730